000 00958nam a2200277Ia 4500
001 Para_10306
003 CHAP
008 220125sMayo xx 000 0 und d
010 _a205312
040 _cCHAP
090 _aPA CD - TESIS 334
100 _aFunes Garay, Angélica Aracely
_9127003
245 _aResistencia de un biotipo de Sorghum halepense al Herbicida Imazetapir /
_c Angélica Aracely Funes Garay; Director J. Antonio Tafoya Razo
260 _aChapingo, Méx. :
_b el autor
300 _a1 CDS ROM (50 p.)
502 _aTesis (Ing. Agr. Esp. en Parasitología Agrícola). UACh. Departamento Parasitología Agrícola
700 _aTafoya Razo, J. Antonio. Director
_9171337
710 _aUACh Departamento Parasitología Agrícola
901 _aPA CD - TESIS 334
902 _aM
905 _a513220Mayo, 2014 nm 8100000000 06
910 _aMayo
942 _cPARA
942 _cPARA
_d2
999 _c205312
_d205312